| 000 | 00369nam a2200145 4500 | ||
|---|---|---|---|
| 999 |
_c507763 _d507763 |
||
| 008 | 190223b ||||| |||| 00| 0 eng d | ||
| 100 |
_aBose, Tapan _92419 |
||
| 245 |
_aThe Rohingya: _ba persecuted people, abandoned again |
||
| 260 | _c2018 | ||
| 300 | _ap.86-95. | ||
| 650 |
_aRohingya _92420 |
||
| 773 | _aIIC Quarterly | ||
| 906 | _aRefugees | ||
| 942 |
_2ddc _cAR |
||